| 000 | 00547nam a2200229Ia 4500 | ||
|---|---|---|---|
| 008 | 171025s9999 xx 000 0 und d | ||
| 020 | _a9710861921 | ||
| 050 | _a720.2 | ||
| 050 | _bB933 2002 | ||
| 100 | _aBulaong, J. | ||
| 245 | _aDrawing scrapbook : | ||
| 245 | _bschematic studies / | ||
| 245 | _cby J. Bulaong. | ||
| 260 | _aPhilippines : | ||
| 260 | _bNational Book Store, | ||
| 260 | _c2002 | ||
| 300 | _a162 pages : | ||
| 300 | _billustrations ; | ||
| 300 | _c22cm. | ||
| 650 | _aArchitectural design. | ||
| 700 | _aTitle. | ||
| 999 |
_c344447 _d344447 |
||